[Event "Asian Schools-ch 14th U11"]
[Site "Waskaduwa"]
[Date "2018.07.09"]
[Round "1.2"]
[White "De Silva, Wijemuni Yomesh Lak"]
[Black "Sathmina, SL Lalindu"]
[Result "0-1"]
[WhiteElo "1135"]
[BlackElo "1552"]
[PlyCount "47"]
[EventDate "2018.07.09"]
[EventType "swiss"]
[EventRounds "9"]
[EventCountry "SRI"]
[SourceTitle "EXT 2024"]
[Source "ChessBase"]
[SourceDate "2023.10.10"]
[SourceVersion "1"]
[SourceVersionDate "2023.10.10"]
[SourceQuality "1"]

1. d4 Nf6 2. c4 e6 3. Nc3 d5 4. Bg5 Be7 5. e3 0-0 6. Nf3 Nbd7 7. Be2 a6 8. 0-0 dxc4 9. Bxc4 b5 10. Be2 Bb7 11. a3 Rc8 12. b4 Re8 13. Qb3 Bd6 14. Rfd1 Qe7 15. Rac1 e5 16. dxe5 Nxe5 17. Nxe5 Bxe5 18. Nd5 Bxh2+ 19. Kxh2 Qe5+ 20. Bf4 Bxd5 21. Qd3 Qe6 22. Bg5 Ng4+ 23. Bxg4 Qxg4 24. Bf4 0-1